000 02765cam a22004694i 4500
003 PE-LiUPU
005 20250731165401.0
008 150928s2012 pe a grm 000 0 spa d
035 _a(Sirsi) a154646
040 _aPE-LiUPU
_bspa
_cPE-LiUPU
_erda
099 _aTE 3
_bM77 2012
100 1 _aMontanez Huancaya, Norma Nancy
_erautor
245 1 _aUsos del cuento y su influencia en la producción de textos en los niños del 3er grado de educación primaria de la I. E. N° 2596 "Monitor Huáscar" de la localidad de Ricardo Palma, Provincia de Huarochiri, Lima /
_cNorma Nancy Montanez Huancaya.
264 0 _c2012.
300 _a108 hojas :
_bilustraciones;
_c30 cm
336 _atext
_2rdacontent
337 _aunmediated
_2rdamedia
338 _avolume
_2rdacarrier
502 _aTesis
_b(Mg.) --
_cUniversidad Peruana Unión,
_d2012.
504 _aIncluye referencias
520 3 _aConsiderando la necesidad de valorar comparativamente un empleo sistemático de los cuentos para observar su influencia en la producción de textos en los niños del tercer grado de educación primaria de la I.E. N°2596 Monitor Huáscar de la localidad de Ricardo Palma, se realizó una investigación de diseño cuasiexperimental con el objetivo esencial de identificar el grado de influencia del uso del cuento de la producción de textos en los niños del tercer grado de educación primaria de la I.E. N°2596 Monitor Huáscar- Juan Velasco Alvarado-Huarochirí. -En base a una muestra de 24 alumnos en total y la aplicación de ficha de observación sistemática; pruebas estandarizadas: para evaluar el nivel de calidad en la producción de textos antes y después de la aplicación de cuentos de niños y la ficha de la escala para registrar información respecto a la producción de textos de los niños, se estableció que la hipótesis principal era aceptada. En ese sentido, se concluye que el grado de influencia del uso del cuento en la producción de textos en los niños del tercer grado de educación primaria de la I.E. N° 2596 Monitor Huáscar-Juan Velasco Alvarado-Huarochirí, es significativo.
526 _aSEG44
526 _aSEG26
526 _aP151
526 _aP150
526 _aP149
526 _aP146
526 _aP145
526 _aP126
526 _aP125
526 _aP92
526 _aP75
526 _aP74
526 _aP27
526 _aP15
650 0 4 _aNiños
_xArte de escribir
_vTesis.
650 0 4 _aRedacción
_xEstudio y enseñanza
_vTesis.
650 0 4 _aCuento
_xEducación primaria
_vTesis.
596 _a1
942 _2ddc
_cTESIS
999 _aTE 3 M77 2012
_wALPHANUM
_c7350
_iT01317
_lCCODEBUL3
_mBUL
_r1
_sY
_tTESIS
_u2015-9-28
_xPOSGRADO
_PP57
_o.STAFF. Tesis
_d7350
980 _81
_gALBERTO SANCHEZ Responsable de Automatización